| 000 | 00868nam a2200277Ia 4500 | ||
|---|---|---|---|
| 003 | OSt | ||
| 005 | 20221005081251.0 | ||
| 006 | a|||||r|||| 00| 0 | ||
| 007 | ta | ||
| 008 | 221004b |||||||| |||| 00| 0 eng d | ||
| 020 | _a8123006462 | ||
| 024 | _a26710 | ||
| 037 | _cTextual | ||
| 040 |
_aCRL _cCRL _beng |
||
| 041 |
_2eng _aeng |
||
| 082 | _aNW44'N9<-N, K0 | ||
| 110 |
_aIndia, Government of..... Information and Broadcasting (Ministry of....) _93873 |
||
| 245 | 0 |
_aIndian Cinema _b A visual voyage |
|
| 260 |
_aNew Delhi _bPublication Division Ministry of information Government of _c1960 |
||
| 300 |
_a290p. _ccm. |
||
| 650 |
_a MOTION PICTURES _927571 |
||
| 650 | _aARTS | ||
| 700 |
_aIndia, Government of..... Information and Broadcasting (Ministry of....) _93874 |
||
| 942 |
_hNW44'N9<-N, K0 _cTEXL _2cc |
||
| 999 |
_c987455 _d987455 |
||